000 00398nam a22001577a 4500
020 _a9788120345225
040 _cNust
082 _a620.112
_bSRI
100 _aSrivavstava,.K.A
_9124314
110 _aGope,. C.P
_9124315
245 _aStrength of Materials
250 _a2nd Edition
260 _aNew Delhi:
_bPHI Learning Pvt Ltd,
_c2012.
650 _aStrength of Materials
942 _2ddc
_cBK
999 _c610208
_d610208